[Event "Saratov Spring Cup"]
[Site "Saratov"]
[Date "2013.03.12"]
[Round "1"]
[White "Fedorov, Oleg An"]
[Black "Dmitriev, Igor"]
[Result "0-1"]
[WhiteElo "1785"]
[BlackElo "2297"]
[PlyCount "20"]
[EventDate "2013.03.12"]
[EventType "swiss"]
[EventRounds "9"]
[EventCountry "RUS"]
[SourceTitle "CBM 153 Extra"]
[Source "ChessBase"]
[SourceDate "2013.04.22"]
[SourceVersion "1"]
[SourceVersionDate "2013.04.22"]
[SourceQuality "1"]

1. Nf3 c5 2. g3 g6 3. Bg2 Bg7 4. 0-0 Nc6 5. c4 d6 6. Nc3 Bg4 7. Rb1 Qd7 8. Re1 Bxf3 9. Bxf3 Ne5 10. Bxb7 Qxb7 0-1

[Event "Saratov Winter Cup"]
[Site "Saratov"]
[Date "2013.01.14"]
[Round "3"]
[White "Fedorov, Oleg An"]
[Black "Kruzhilin, Aleksey"]
[Result "0-1"]
[WhiteElo "1790"]
[BlackElo "1887"]
[PlyCount "108"]
[EventDate "2013.01.12"]
[EventType "swiss"]
[EventRounds "9"]
[EventCountry "RUS"]
[SourceTitle "CBM 152 Extra"]
[Source "ChessBase"]
[SourceDate "2013.02.25"]
[SourceVersion "1"]
[SourceVersionDate "2013.02.25"]
[SourceQuality "1"]

1. e4 e5 2. Bc4 Nf6 3. Nc3 Nxe4 4. Nxe4 d5 5. Bd3 dxe4 6. Bxe4 Bc5 7. d3 0-0 8. Qf3 f5 9. Bxb7 e4 10. dxe4 Bb4+ 11. c3 Bxb7 12. cxb4 Bxe4 13. Qg3 Qe7 14. Ne2 Bd5 15. Be3 Bc4 16. Rc1 f4 17. Nxf4 Qxb4+ 18. Bd2 Re8+ 19. Kd1 Qb5 20. b3 Be2+ 21. Nxe2 Qxe2+ 22. Kc2 Re6 23. Rhd1 Nc6 24. Kb1 Rd8 25. Bc3 Qe4+ 26. Kb2 Rg6 27. Rxd8+ Nxd8 28. Qxc7 Qd5 29. g3 h6 30. Rc2 Ne6 31. Qxa7 Nc5 32. Qc7 Nd3+ 33. Kb1 Qh1+ 34. Be1 Qxe1+ 35. Rc1 Qxc1+ 36. Qxc1 Nxc1 37. Kxc1 Kf8 38. Kb2 Re6 39. Kc3 Ke7 40. Kd3 Kd7 41. f4 Re1 42. h3 Rg1 43. g4 Rg3+ 44. Ke4 Rxh3 45. Kf5 Ke7 46. b4 Ra3 47. Kg6 Kf8 48. f5 Rxa2 49. b5 Rb2 50. f6 gxf6 51. Kxf6 Rxb5 52. Kg6 Rg5+ 53. Kh7 Rxg4 54. Kh8 h5 0-1

[Event "Saratov Summer Cup SSEU 3st stage"]
[Site "Saratov"]
[Date "2012.07.30"]
[Round "5.5"]
[White "Fedorov, Oleg An"]
[Black "Nurdinov, Iliya"]
[Result "0-1"]
[WhiteElo "1807"]
[BlackElo "1862"]
[PlyCount "126"]
[EventDate "2012.07.23"]
[EventType "swiss"]
[EventRounds "7"]
[EventCountry "RUS"]
[SourceTitle "EXT 2022"]
[Source "ChessBase"]
[SourceDate "2021.10.06"]
[SourceVersion "1"]
[SourceVersionDate "2021.10.06"]
[SourceQuality "1"]

1. e4 c5 2. g3 Nc6 3. Bg2 Rb8 4. d3 e6 5. Nc3 b5 6. f4 b4 7. Nce2 Nf6 8. Nf3 d5 9. 0-0 Be7 10. h3 Bb7 11. e5 Nd7 12. b3 Nb6 13. g4 Qc7 14. f5 Bc8 15. Bf4 a5 16. g5 g6 17. f6 Bf8 18. h4 Nd7 19. Qd2 Ndxe5 20. Rfe1 Nxf3+ 21. Bxf3 Bd6 22. Qe3 d4 23. Bxc6+ Qxc6 24. Qg3 Rb6 25. Bxd6 Qxd6 26. Qxd6 Rxd6 27. Ng3 Bb7 28. Re5 Bd5 29. Rae1 Kd7 30. Ne2 h6 31. Nf4 Kc6 32. h5 gxh5 33. g6 fxg6 34. Nxd5 exd5 35. f7 Rf8 36. Re7 Rf6 37. R7e6+ Rxe6 38. Rxe6+ Kb5 39. Rf6 g5 40. Kg2 h4 41. Kh3 h5 42. Rf5 Kc6 43. Rxg5 Rxf7 44. Kg2 h3+ 45. Kg3 h2 46. Rxh5 Rf1 47. Rxh2 Ra1 48. Kf2 Rxa2 49. Ke1 c4 50. dxc4 dxc4 51. Rh6+ Kd7 52. Rh4 Rxc2 53. Rxd4+ Kc6 54. bxc4 b3 55. Kd1 a4 56. c5 a3 57. Ra4 a2 58. Ra5 Rb2 59. Kc1 Rb1+ 60. Kd2 a1Q 61. Ra6+ Qxa6 62. Kc3 Kxc5 63. Kd2 Rf1 0-1

[Event "Saratov Summer Cup SSEU 3st stage"]
[Site "Saratov"]
[Date "2012.07.24"]
[Round "2.6"]
[White "Fedorov, Oleg An"]
[Black "Kruzhilin, Aleksey"]
[Result "0-1"]
[WhiteElo "1807"]
[BlackElo "1870"]
[PlyCount "117"]
[EventDate "2012.07.23"]
[EventType "swiss"]
[EventRounds "7"]
[EventCountry "RUS"]
[SourceTitle "EXT 2022"]
[Source "ChessBase"]
[SourceDate "2021.10.06"]
[SourceVersion "1"]
[SourceVersionDate "2021.10.06"]
[SourceQuality "1"]

1. g3 d5 2. c4 e6 3. Bg2 Nf6 4. d4 Be7 5. Nc3 0-0 6. Nf3 Nc6 7. Ne5 dxc4 8. Nxc6 bxc6 9. Bxc6 Rb8 10. Bg2 c5 11. d5 Bb7 12. e4 exd5 13. exd5 Qd7 14. 0-0 Rbd8 15. Qe2 Ba6 16. Rd1 Rfe8 17. Qf1 Bd6 18. b3 Be5 19. Bb2 Qb7 20. d6 Qb4 21. Nd5 Nxd5 22. Bxe5 Nb6 23. Bf4 Bb5 24. Bd2 c3 25. Bxc3 Bxf1 26. Bxb4 Bxg2 27. Bxc5 Bf3 28. Re1 Re6 29. Rac1 Nc8 30. Re3 Rxe3 31. fxe3 f6 32. Kf2 Bh5 33. Rc4 Nxd6 34. Bxd6 Rxd6 35. Rc8+ Kf7 36. Rc7+ Kg6 37. Rxa7 Rd2+ 38. Kg1 Bf3 39. b4 Rg2+ 40. Kf1 Rxh2 41. a4 Rb2 42. b5 Rb4 43. Ke1 Bd5 44. Ra6 Bb3 45. b6 Bxa4 46. Kd2 Bb5 47. Ra8 Bc6 48. Rb8 Kg5 49. Kc3 Rb5 50. Kc4 Re5 51. Rc8 Bb5+ 52. Kb4 Ba6 53. Rc7 Kg6 54. Ra7 Rb5+ 55. Ka4 Rxb6 56. Ka5 Rb1 57. e4 Bd3 58. Re7 Re1 59. e5 0-1

[Event "Saratov op 07"]
[Site "Saratov"]
[Date "2012.07.02"]
[Round "1"]
[White "Fedorov, Oleg An"]
[Black "Dudin, Denis"]
[Result "0-1"]
[WhiteElo "1807"]
[BlackElo "2112"]
[PlyCount "138"]
[EventDate "2012.07.02"]
[EventType "swiss"]
[EventRounds "9"]
[EventCountry "RUS"]
[SourceTitle "CBM 149 Extra"]
[Source "ChessBase"]
[SourceDate "2012.08.24"]
[SourceVersion "1"]
[SourceVersionDate "2012.08.24"]
[SourceQuality "1"]

1. Nf3 d5 2. d4 Nf6 3. Bf4 c5 4. e3 Nc6 5. Nc3 Bg4 6. Be2 e6 7. 0-0 Be7 8. dxc5 Bxc5 9. Ne5 Bxe2 10. Qxe2 0-0 11. Rfd1 Nxe5 12. Bxe5 Nd7 13. Bg3 Bb4 14. Ne4 Be7 15. Nd2 Qb6 16. Nb3 Nf6 17. h3 Rac8 18. c3 Ne4 19. Be5 Bd6 20. Bxd6 Nxd6 21. Rd4 Rc4 22. Rxc4 dxc4 23. Nd4 h6 24. Rd1 Rd8 25. Nf3 Ne4 26. Rxd8+ Qxd8 27. Qxc4 Qd1+ 28. Qf1 Qc2 29. Qb5 Qxf2+ 30. Kh2 Qg3+ 31. Kg1 Qf2+ 32. Kh2 Qg3+ 33. Kg1 Nf2 34. Qe8+ Kh7 35. Qxf7 Nxh3+ 36. Kh1 Nf2+ 37. Kg1 Ng4 38. Qxe6 Qf2+ 39. Kh1 Qf1+ 40. Ng1 Nf2+ 41. Kh2 Qd3 42. Nh3 Ne4 43. Qf5+ Kg8 44. Qe6+ Kh7 45. Qf5+ Kg8 46. Nf2 Qd6+ 47. Kg1 Ng3 48. Qf3 Qg6 49. e4 h5 50. b3 h4 51. Qd3 Qh6 52. Qd5+ Kh7 53. Qxb7 Qc1+ 54. Kh2 Nf1+ 55. Kg1 Ng3+ 56. Kh2 Nf1+ 57. Kg1 Ne3+ 58. Kh2 Qf1 59. e5 Qxf2 60. Qe4+ Kh6 61. Qf3 Qxf3 62. gxf3 g5 63. c4 Kg6 64. c5 Kf5 65. c6 Nd5 66. b4 Kxe5 67. b5 Kf4 68. Kg2 Nc7 69. a4 Ke3 0-1

[Event "Saratov SSEU Cup 2nd Stage"]
[Site "Saratov"]
[Date "2012.05.11"]
[Round "1"]
[White "Fedorov, Oleg An"]
[Black "Brekhov, Denis"]
[Result "0-1"]
[WhiteElo "1837"]
[BlackElo "1930"]
[PlyCount "86"]
[EventDate "2012.05.11"]
[EventType "swiss"]
[EventRounds "9"]
[EventCountry "RUS"]
[SourceTitle "EXT 2020"]
[Source "ChessBase"]
[SourceDate "2019.10.17"]
[SourceVersion "1"]
[SourceVersionDate "2019.10.17"]
[SourceQuality "1"]

1. Nf3 Nf6 2. g3 g6 3. b3 d5 4. Bb2 Bg7 5. Bg2 0-0 6. 0-0 c5 7. Ne5 Ng4 8. Nd3 Bxb2 9. Nxb2 Nc6 10. Nc3 Nf6 11. e3 Bg4 12. f3 Be6 13. Nd3 b6 14. Nf4 Bc8 15. Nfe2 d4 16. exd4 cxd4 17. f4 Bb7 18. Ne4 Nxe4 19. Bxe4 Na5 20. d3 Rc8 21. f5 Qd6 22. Qd2 Rfd8 23. Bxb7 Nxb7 24. fxg6 hxg6 25. Rf4 e5 26. Rh4 Qf8 27. c4 dxc3 28. Nxc3 Qc5+ 29. Kg2 Qxc3 30. Qh6 Qc6+ 31. Kg1 Qf6 32. Qh7+ Kf8 33. Qh6+ Qg7 34. Qg5 Nc5 35. Rf1 Kg8 36. Rc4 Ne6 37. Qe7 Rxc4 38. dxc4 e4 39. Qxa7 Qd4+ 40. Kg2 Ng5 41. h4 Nf3 42. Qb7 Qe3 43. Rf2 Rd1 0-1

[Event "Saratov Winter Cup-A"]
[Site "Saratov"]
[Date "2012.01.12"]
[Round "1"]
[White "Palin, Denis"]
[Black "Fedorov, Oleg An"]
[Result "1-0"]
[WhiteElo "2067"]
[BlackElo "1862"]
[PlyCount "109"]
[EventDate "2012.01.12"]
[EventType "swiss"]
[EventRounds "9"]
[EventCountry "RUS"]
[SourceTitle "EXT 2014"]
[Source "ChessBase"]
[SourceDate "2013.11.20"]
[SourceVersion "1"]
[SourceVersionDate "2013.11.20"]
[SourceQuality "1"]

1. c4 g6 2. d4 Bg7 3. e4 c5 4. d5 d6 5. Nf3 Nf6 6. Bd3 0-0 7. 0-0 Bg4 8. h3 Bxf3 9. Qxf3 Nbd7 10. Nc3 Ne5 11. Qd1 Nfd7 12. f4 Nxd3 13. Qxd3 f5 14. Be3 Qb6 15. Rab1 Qa5 16. a3 a6 17. Rfe1 Rac8 18. Bd2 Qd8 19. exf5 gxf5 20. Kh2 Rf7 21. Ne2 Nf8 22. Ng3 Qd7 23. Nh5 Ng6 24. Re6 b5 25. g3 bxc4 26. Qxc4 Qb5 27. b3 Rb8 28. Qe2 c4 29. Nxg7 Rxg7 30. Bc3 Rf7 31. Qh5 Nf8 32. Qg5+ Ng6 33. Rxg6+ hxg6 34. Qh6 Rf6 35. Bxf6 exf6 36. Qxg6+ Kf8 37. Qxf6+ Kg8 38. Qe6+ Kh8 39. Re1 Qxb3 40. h4 Qf3 41. Qh6+ Kg8 42. Qg6+ Kh8 43. Re8+ Rxe8 44. Qxe8+ Kg7 45. Qd7+ Kg8 46. Qc8+ Kg7 47. Qxc4 Kg6 48. Qa2 a5 49. a4 Kh5 50. Qg2 Qd1 51. Qa2 Kg4 52. Qb2 Qf1 53. Qg2 Qd3 54. Qh3+ Kh5 55. g4+ 1-0

[Event "Saratov Winter Cup school"]
[Site "Saratov"]
[Date "2011.12.30"]
[Round "7.9"]
[White "Kapranov, Kirill"]
[Black "Fedorov, Oleg An"]
[Result "1-0"]
[WhiteElo "1669"]
[BlackElo "1862"]
[PlyCount "101"]
[EventDate "2011.12.26"]
[EventType "swiss"]
[EventRounds "9"]
[EventCountry "RUS"]
[SourceTitle "EXT 2022"]
[Source "ChessBase"]
[SourceDate "2021.10.06"]
[SourceVersion "1"]
[SourceVersionDate "2021.10.06"]
[SourceQuality "1"]

1. e4 e5 2. Nf3 f5 3. d3 d6 4. exf5 Bxf5 5. Be3 Nf6 6. Nbd2 Nc6 7. Be2 Be7 8. 0-0 0-0 9. c3 Ng4 10. Qb3+ Kh8 11. Qxb7 Qd7 12. Qb3 Rab8 13. Qc2 d5 14. h3 e4 15. hxg4 exf3 16. gxf3 Be6 17. Kg2 d4 18. cxd4 Nxd4 19. Bxd4 Qxd4 20. b3 Bd5 21. Ne4 Bd6 22. Rh1 Rb6 23. Qd1 Be5 24. Rc1 Rg6 25. Rh4 Bf4 26. Rc2 Bg5 27. Nxg5 Rxg5 28. Kg3 Qe5+ 29. Kh3 Qf4 30. Qd2 Qf6 31. f4 Qd4 32. Qe3 Rxf4 33. Qxd4 Rxd4 34. Rxc7 a5 35. Rc8+ Bg8 36. Rh5 Rg6 37. Rxa5 h5 38. gxh5 Rg1 39. Raa8 Kh7 40. Rxg8 Kh6 41. Ra6+ Kh7 42. Rb8 Rf4 43. Rg6 Re1 44. Kg3 Rf7 45. Bf3 Rxf3+ 46. Kxf3 Re3+ 47. Kg2 Rg3+ 48. Rxg3 g6 49. hxg6+ Kg7 50. Rb7+ Kh6 51. Rh7# 1-0

[Event "Saratov Autumn Cup High School Property"]
[Site "Saratov"]
[Date "2011.10.10"]
[Round "3.4"]
[White "Efimov, Ivan"]
[Black "Fedorov, Oleg An"]
[Result "1-0"]
[WhiteElo "2128"]
[BlackElo "1878"]
[PlyCount "96"]
[EventDate "2011.10.07"]
[EventType "swiss"]
[EventRounds "9"]
[EventCountry "RUS"]
[SourceTitle "EXT 2022"]
[Source "ChessBase"]
[SourceDate "2021.10.06"]
[SourceVersion "1"]
[SourceVersionDate "2021.10.06"]
[SourceQuality "1"]

1. Nf3 Nf6 2. b3 g6 3. Bb2 Bg7 4. c4 0-0 5. d3 c6 6. Nbd2 Qb6 7. Qc2 d6 8. g3 a5 9. a3 Ng4 10. d4 f5 11. h3 Nh6 12. Bg2 Nf7 13. 0-0 Qc7 14. Rad1 e5 15. c5 d5 16. dxe5 Nxe5 17. Nxe5 Bxe5 18. Bxe5 Qxe5 19. Nf3 Qe7 20. Nd4 Na6 21. Rc1 Nc7 22. Rfd1 Ne8 23. Nf3 Nf6 24. Qd3 Ne4 25. Qd4 Re8 26. b4 axb4 27. axb4 Ra2 28. Bf1 f4 29. gxf4 Qf7 30. Ra1 Rc2 31. Rdc1 Rxc1 32. Rxc1 Qxf4 33. Ra1 g5 34. Ne1 g4 35. Ng2 Qh6 36. hxg4 Ng5 37. f3 Nh3+ 38. Kh2 Nf4+ 39. Kg3 Qh3+ 40. Kf2 Nxg2 41. Bxg2 Qh4+ 42. Kf1 h5 43. b5 hxg4 44. bxc6 bxc6 45. Ra7 Qh6 46. fxg4 Qc1+ 47. Kf2 Rf8+ 48. Bf3 Qg5 1-0

[Event "Saratov Summer Cup High school prop"]
[Site "Saratov"]
[Date "2011.07.07"]
[Round "8.5"]
[White "Fedorov, Oleg An"]
[Black "Berezhnov, Dmitry"]
[Result "1/2-1/2"]
[WhiteElo "1898"]
[BlackElo "1862"]
[PlyCount "125"]
[EventDate "2011.06.27"]
[EventType "swiss"]
[EventRounds "9"]
[EventCountry "RUS"]
[SourceTitle "EXT 2022"]
[Source "ChessBase"]
[SourceDate "2021.10.06"]
[SourceVersion "1"]
[SourceVersionDate "2021.10.06"]
[SourceQuality "1"]

1. e4 d6 2. d4 Nf6 3. Nc3 g6 4. Bg5 Bg7 5. Qd2 0-0 6. f3 Nbd7 7. h4 h5 8. Be2 c5 9. d5 Ne5 10. Bh6 a6 11. Bxg7 Kxg7 12. Nh3 b5 13. Nf2 Bd7 14. Ncd1 Qc8 15. Ne3 Rh8 16. 0-0-0 c4 17. Qd4 Kg8 18. Rdg1 Be8 19. g4 hxg4 20. Nfxg4 Nexg4 21. fxg4 Qc5 22. Qxc5 dxc5 23. Bf3 Nd7 24. g5 Ne5 25. Be2 Bd7 26. h5 gxh5 27. Bxh5 Kg7 28. Nf5+ Bxf5 29. exf5 Rad8 30. Rd1 Rd6 31. Rd2 Rhd8 32. Rdh2 Rh8 33. Rd1 Ng4 34. f6+ exf6 35. gxf6+ Kxf6 36. Rh3 Ne5 37. Rf1+ Ke7 38. Re1 Kf6 39. Rf1+ Ke7 40. Rf5 f6 41. Ra3 Rh6 42. Rg3 Rxd5 43. Bf3 Rd6 44. Be4 Rh4 45. Bg2 Ke6 46. Rf1 Ke7 47. Rg7+ Ke6 48. Rg3 Ke7 49. Bh3 Kf7 50. Rfg1 f5 51. Bxf5 Rf4 52. Bh7 Rh4 53. Rf1+ Rf6 54. Bg8+ Ke7 55. Rg7+ Kf8 56. Rxf6+ Kxg7 57. Rf5 Kxg8 58. Rxe5 Rh6 59. Kd2 Rh2+ 60. Kc3 Rh3+ 61. Kd2 Rh2+ 62. Kc3 Rh3+ 63. Kd2 1/2-1/2

[Event "Saratov Summer Cup High school prop"]
[Site "Saratov"]
[Date "2011.07.04"]
[Round "5.1"]
[White "Biryukov, Dmitriy"]
[Black "Fedorov, Oleg An"]
[Result "1-0"]
[WhiteElo "2365"]
[BlackElo "1898"]
[PlyCount "77"]
[EventDate "2011.06.27"]
[EventType "swiss"]
[EventRounds "9"]
[EventCountry "RUS"]
[SourceTitle "EXT 2022"]
[Source "ChessBase"]
[SourceDate "2021.10.06"]
[SourceVersion "1"]
[SourceVersionDate "2021.10.06"]
[SourceQuality "1"]

1. e4 e5 2. Nf3 Nf6 3. d4 Nxe4 4. Bd3 d5 5. dxe5 Be7 6. 0-0 Bg4 7. Nbd2 Nc5 8. Qe2 Nc6 9. Bb5 0-0 10. Bxc6 bxc6 11. h3 Bh5 12. g4 Bg6 13. Nd4 Qd7 14. f4 Ne6 15. N2f3 Nxd4 16. Nxd4 Be4 17. f5 c5 18. Nf3 Rfe8 19. c3 c4 20. Qf2 Bf8 21. Bf4 Qb5 22. Nd4 Qb6 23. e6 fxe6 24. Nxe6 Qc6 25. Kh2 Bd6 26. Bxd6 Qxd6+ 27. Qf4 Rab8 28. b4 cxb3 29. Qxd6 cxd6 30. axb3 Re7 31. b4 g6 32. Nd4 gxf5 33. Nc6 Rbe8 34. Nxe7+ Rxe7 35. gxf5 Rg7 36. Rg1 Bxf5 37. Rxg7+ Kxg7 38. Rxa7+ Kf6 39. b5 1-0

[Event "Saratov Spring Cup High School Prop. B"]
[Site "Saratov"]
[Date "2011.03.17"]
[Round "4.5"]
[White "Marizina, Yulia"]
[Black "Fedorov, Oleg An"]
[Result "0-1"]
[WhiteElo "1691"]
[BlackElo "1879"]
[PlyCount "29"]
[EventDate "2011.03.14"]
[EventType "tourn"]
[EventRounds "9"]
[EventCountry "RUS"]
[SourceTitle "EXT 2022"]
[Source "ChessBase"]
[SourceDate "2021.10.06"]
[SourceVersion "1"]
[SourceVersionDate "2021.10.06"]
[SourceQuality "1"]

1. d4 d5 2. c4 Bf5 3. Nf3 e6 4. Nc3 Nc6 5. g3 Nb4 6. e4 dxe4 7. Nh4 Qxd4 8. Qa4+ Qd7 9. Qb3 e3 10. Nxf5 exf2+ 11. Kxf2 exf5 12. a3 Bc5+ 13. Be3 Qd2+ 14. Ne2 Nd3+ 15. Kg2 0-1

[Event "Saratov-ch"]
[Site "Saratov"]
[Date "2011.03.05"]
[Round "9"]
[White "Fedorov, Oleg An"]
[Black "Dvoryadkin, Maksim"]
[Result "1-0"]
[WhiteElo "1850"]
[BlackElo "1906"]
[PlyCount "103"]
[EventDate "2011.02.24"]
[EventType "swiss"]
[EventRounds "9"]
[EventCountry "RUS"]
[SourceTitle "CBM 141 Extra"]
[Source "ChessBase"]
[SourceDate "2011.05.03"]
[SourceVersion "1"]
[SourceVersionDate "2011.05.03"]
[SourceQuality "1"]

1. e4 c5 2. Nc3 Nc6 3. Bb5 Nd4 4. Bc4 g6 5. Nf3 Bg7 6. d3 Nxf3+ 7. Qxf3 e6 8. Nb5 d6 9. Bf4 Be5 10. Bxe5 dxe5 11. Qg3 f6 12. f4 a6 13. Nc3 b5 14. Bb3 exf4 15. Qxf4 Ra7 16. 0-0 Qb6 17. Kh1 Qc7 18. Qg4 Qe7 19. Nd5 Qd8 20. Ne3 Re7 21. Qh4 Qd4 22. Rae1 Rf7 23. Qg3 Ne7 24. Ng4 Ng8 25. a4 b4 26. c3 bxc3 27. bxc3 Qd8 28. d4 cxd4 29. cxd4 Rb7 30. d5 e5 31. Nxe5 Qd6 32. Qc3 Qb8 33. Qc6+ Kd8 34. Nf7+ Rxf7 35. Rc1 Ne7 36. Qc3 Ng8 37. d6 Rf8 38. Qa5+ Ke8 39. e5 Nh6 40. Rc7 Rf7 41. Bxf7+ Nxf7 42. Re7+ Kf8 43. Qd5 Kg7 44. Rxf7+ Kh6 45. Qd2+ Kh5 46. R7xf6 Rd8 47. h3 Qa8 48. Kh2 Qe4 49. Qf4 Qe2 50. Rf2 Qd1 51. Rf3 Qc2 52. Rg3 1-0

[Event "Saratov-ch"]
[Site "Saratov"]
[Date "2011.03.03"]
[Round "7"]
[White "Kvitka, Roman"]
[Black "Fedorov, Oleg An"]
[Result "1-0"]
[WhiteElo "2064"]
[BlackElo "1850"]
[PlyCount "107"]
[EventDate "2011.02.24"]
[EventType "swiss"]
[EventRounds "9"]
[EventCountry "RUS"]
[SourceTitle "CBM 141 Extra"]
[Source "ChessBase"]
[SourceDate "2011.05.03"]
[SourceVersion "1"]
[SourceVersionDate "2011.05.03"]
[SourceQuality "1"]

1. e4 e5 2. Nf3 Nc6 3. Bb5 Nf6 4. 0-0 d6 5. Re1 a6 6. Ba4 b5 7. Bb3 Be7 8. c3 Bg4 9. d3 Na5 10. Bc2 c5 11. Nbd2 0-0 12. Nf1 Nc6 13. Ng3 g6 14. h3 Bd7 15. Bh6 Re8 16. d4 Bf8 17. Bg5 Bg7 18. a4 Qc7 19. d5 Ne7 20. Nh2 Reb8 21. a5 h6 22. Be3 b4 23. c4 Nh7 24. Ng4 Bxg4 25. hxg4 Kf8 26. Qd2 Ng8 27. Rf1 Qe7 28. Rae1 Qh4 29. Bd1 Ngf6 30. Bf3 Nxg4 31. Bxg4 Qxg4 32. Bxh6 Qh4 33. Be3 Nf6 34. Bg5 Qh7 35. f3 Nh5 36. Ne2 f5 37. g4 Nf6 38. exf5 gxf5 39. Ng3 f4 40. Nf5 Qg6 41. Bxf6 Bxf6 42. Nxd6 Bh4 43. Rxe5 Qxd6 44. Qxf4+ Bf6 45. Re8+ Rxe8 46. Qxd6+ Kg7 47. Qd7+ Re7 48. Qf5 Re2 49. Qd7+ Re7 50. Qc6 Bd4+ 51. Kg2 Rh8 52. d6 Re2+ 53. Kg3 Rhh2 54. f4 1-0

[Event "Saratov-ch"]
[Site "Saratov"]
[Date "2011.03.01"]
[Round "5"]
[White "Fedorov, Oleg An"]
[Black "Astapov, Valeriy"]
[Result "0-1"]
[WhiteElo "1850"]
[BlackElo "2042"]
[PlyCount "102"]
[EventDate "2011.02.24"]
[EventType "swiss"]
[EventRounds "9"]
[EventCountry "RUS"]
[SourceTitle "CBM 141 Extra"]
[Source "ChessBase"]
[SourceDate "2011.05.03"]
[SourceVersion "1"]
[SourceVersionDate "2011.05.03"]
[SourceQuality "1"]

1. d4 Nf6 2. c4 g6 3. Nf3 Bg7 4. g3 c6 5. Bg2 d5 6. 0-0 0-0 7. Nc3 Ne4 8. cxd5 cxd5 9. Qb3 Nc6 10. Rd1 Na5 11. Qb5 a6 12. Qa4 Bd7 13. Qa3 Nc4 14. Qb3 Nxc3 15. bxc3 b5 16. Nd2 Bg4 17. Nxc4 bxc4 18. Qc2 Qd7 19. Re1 Bh3 20. e4 Bxg2 21. Kxg2 e6 22. Ba3 Rfe8 23. Rab1 Rab8 24. e5 Bf8 25. Bxf8 Kxf8 26. Rb2 Rb5 27. Qa4 Reb8 28. Rbe2 R5b7 29. Qa3+ Kg7 30. Qc1 Qe7 31. h4 h5 32. Kh3 a5 33. Qf4 Rb2 34. g4 hxg4+ 35. Qxg4 Rxe2 36. Rxe2 a4 37. Qf4 a3 38. Qc1 Rh8 39. Kg2 Qxh4 40. Re3 Qg4+ 41. Rg3 Qe4+ 42. Rf3 Qh4 43. Qg1 Rh5 44. Kf1 Qe4 45. Qg3 Qb1+ 46. Ke2 Qxa2+ 47. Kf1 Qb1+ 48. Ke2 Rh1 49. Rxf7+ Kxf7 50. Qf3+ Qf5 51. Qxh1 Qd3+ 0-1